LIBRARY & INFORMATION CENTRE, KCAET, TAVANUR

ONLINE PUBLIC ACCESS CATALOGUE (OPAC)

Intellectual property protection in India: A practical guide for Scientists, technologists and other users (Record no. 8909)

MARC details
000 -LEADER
fixed length control field 00456cam a2200145ua 4500
003 - CONTROL NUMBER IDENTIFIER
control field OSt
008 - FIXED-LENGTH DATA ELEMENTS--GENERAL INFORMATION
fixed length control field 260213b |||||||| |||| 00| 0 eng d
041 ## - LANGUAGE CODE
Language code of text/sound track or separate title eng
082 ## - DEWEY DECIMAL CLASSIFICATION NUMBER
Classification number 028.756
Item number TEC/IN
245 ## - TITLE STATEMENT
Title Intellectual property protection in India: A practical guide for Scientists, technologists and other users
260 ## - PUBLICATION, DISTRIBUTION, ETC. (IMPRINT)
Place of publication New Delhi :
Name of publisher Council of Scientific and Industrial Researsh ,
Year of publication 1993.
300 ## - PHYSICAL DESCRIPTION
Number of Pages 206 ; .
942 ## - ADDED ENTRY ELEMENTS (KOHA)
Koha item type Books
Holdings
Withdrawn status Lost status Damaged status Home library Current library Date acquired Full call number Accession Number Koha item type
      KAUAET KAUAET 07/04/2012 028.756 19856 Reference
free website counter